000 01609nam a2200229Ia 4500
999 _c38352
_d38352
003 OSt
005 20210323111354.0
008 160316s2015 xxu||||| |||| 00| 0 eng d
020 _a9780198712916
040 _cn
082 _a340.900000
_bFEN
100 _aFentiman Richard
245 _aIinternational commercial litigation
250 _a2nd
260 _aLondon
_bOxford University Press
_c2015
300 _a737p
_clxxiii
365 _bRs. 23,670
505 _aTable of Contents PART I: INTRODUCTION; 1: Introduction; PART II: LEGAL RISK AND MULTISTATE TRANSACTIONS; 2:Managing Litigation Risk; 3:Managing Transaction Risk; PART III: LIABILITY AND RECOVERY IN MULTISTATE LITIGATION; 4:The Dynamics of Choice of Law; 5:The Laws Governing Multistate Transactions; 6:The Laws Governing Recovery; PART IV: COMMENCING AND PREVENTING PROCEEDINGS; 7:Strategic Choices; 8:The Framework of Jurisdiction; 9:Establishing and Challenging Jurisdiction; 10:Excluded Claims; 11:Declining Jurisdiction: The European Regime; 12:Declining Jurisdiction: The European Regime and Third States; 13:Declining Jurisdiction: English National Law; 14:Procedural Objections to Proceedings; 15:Preclusive Proceedings; 16:Restraining Foreign Proceedings; PART V: EFFECTIVE ENFORCEMENT; 17:Preseving Judgement Assets; 18:Enforcing Judgement Debts; PART VI: THE CONDUCT OF PROCEEDINGS; 19:Procedure, Costs, and Evidence in Multistate Disputes; 20:The Proof of Foreign Law
650 _a1.Conflict of Laws - Private International Law - U K2. Commercial Litigation
700 _a
_a
942 _2ddc
_cBK